| 000 | 00352nam a2200133Ia 4500 | ||
|---|---|---|---|
| 008 | 150201s2008 xx 000 0 und d | ||
| 082 |
_a614.1 _bP08S |
||
| 100 | _aSHARMA,R.K. | ||
| 245 | _aPRACTICAL & VIVA IN FORENSIC MEDICINE & TOXICOLOGY | ||
| 250 | _a1ST | ||
| 260 |
_bVITASTA PUB. _aDELHI _c2008 |
||
| 650 | _aFORENSIC MEDICINE | ||
| 942 |
_2ddc _cBK _08 |
||
| 999 |
_c1225 _d1225 |
||